000 00490nam a22001577a 4500
008 161006b xxu||||| |||| 00| 0 eng d
020 _a0918728355
040 _aKABU
_cKABU
050 _aML3795 .S87 1987
100 _aSupicic,Ivo
245 _aMusic in society
_ba guide to the sociology of music
_cby Ivo Supicic
260 _aNew York
_bPendragon press
_c1987
300 _axiv, 488 p.
650 _2Music and society
942 _2lcc
_cBK
_hML3795 .S87 1987 C.1
999 _c16161
_d16161